Megacities: from hazards to disasters

সংরক্ষণ করুন:
গ্রন্থ-পঞ্জীর বিবরন
বিন্যাস: পাঠ‍্য
প্রকাশিত: s.l: s.e.
ট্যাগগুলো: ট্যাগ যুক্ত করুন
কোনো ট্যাগ নেই, প্রথমজন হিসাবে ট্যাগ করুন!

MARC

LEADER 00000 a a2200000 04500
001 23566
003
040
090 |a 164800  
245 |a Megacities: from hazards to disasters  
260 |a s.l:   |b s.e.  
300 |a pp. 17-170  
999 |c 7468  |d 7468